Представление документа в формате RUSMARC

ПолеНазваниеЗначение
  Тип записи a
  Библиографический уровень m
001 Контрольный номер Book/16354
005 Дата корректировки 20221129235129.0
010 Индекс ISBN __
a ISBN 978-5-298-01863-0
b Уточнения в пер.
9 Тираж 1 000 экз.
d Цена 40 р.
090 Данные записи __
a Состояние записи 85.31
b Тип записи Книги
c Язык записи Русский
d Отрасль знаний (КСУ) Другая
e Секретность Несекретно
g Вид записи Монография (однотомник)
x Дата передачи записи для обработки И15
100 Данные общей обработки __
a Данные общей обработки 20120321d2013 u u 1rusy ||||ca
101 Язык документа 0_
a Язык текста rus
105 Кодированные данные (монография) __
a Кодированные данные (монография) a z 000yy
200 Заглавие и сведения об ответственности 1_
a Заглавие Разве сердце стареет?!
f Первые сведения об ответственности С. Ш. Ибрагимов
e Сведения, относящиеся к заглавию на татар. яз.
210 Выходные данные 1_
a Место издания Казань
c Издательство Татарское книжное издательство
d Дата издания 2009
215 Физическое описание __
a Объем 159 с.
686 Индексы других классификаций __
a Классификационный индекс 85.319
2 Код системы rubbk
700 Автор _1
a Фамилия Ибрагимов
b Имя (инициалы) С. Ш.
801 Источник записи _0
a Страна RU
b Организация МБУК ЦБС г. Ульяновска
c Дата составления 20120321
801 Источник записи _1
a Страна RU
b Организация МБУК ЦБС г. Ульяновска
c Дата составления 20120321
899 Данные о местонахождении __
3 Книга № 38491
a Местонахождение 17 ф
d Название фонда Инв.книга №1
q Состояние Свободно
x Инвентарный номер 152606